| 000 | 00786nam a22002057a 4500 | ||
|---|---|---|---|
| 005 | 20251108172852.0 | ||
| 008 | 250721s2002 xx 000 0 ara d | ||
| 082 | 1 | 4 | _a327.11/جيد |
| 100 | 1 | _aجيدنز، أنطوني | |
| 245 | 1 | 0 | _aبعيداً عن اليسار و اليمين - مستقبل السياسات الراديكالية / |
| 264 | 1 |
_aالكويت : _bعالم المعرفة، _c2002. |
|
| 300 | _a323 ص | ||
| 490 | 0 |
_aعالم المعرفة سلسلة شهرية يصدرها المجلس الوطني و الفنون و الأدب _v286 |
|
| 650 | 1 | 7 | _aالسياسة الدولية |
| 650 | 1 | 7 | _aالعلاقات الدولية |
| 650 | 1 | 7 | _aالمذاهب السياسية |
| 700 | 1 |
_aجلال، شوقي _etran. |
|
| 942 |
_2ddc _cBK |
||
| 999 |
_c90485 _d90485 |
||